Prognóza tržieb ohodnocovaného podniku na základe tempa rastu

Salvato in:
Dettagli Bibliografici
Autore principale: Harumová, Anna, 1955-
Natura: Capitolo di libro
Lingua:slovacco
Soggetti:
Tags: Aggiungi Tag
Nessun Tag, puoi essere il primo ad aggiungerne!!

MARC

LEADER 00000naa a2200000 4500
001 0259885
005 20240502074116.8
041 0 |a slo 
044 |a SK 
245 1 0 |a Prognóza tržieb ohodnocovaného podniku na základe tempa rastu  |c Anna Harumová 
610 2 0 |a prognózy 
610 2 0 |a tržby 
610 2 0 |a ohodnocovanie podniku 
610 2 0 |a tempo rastu hospodárskeho 
100 1 |a Harumová, Anna, 1955-